000 00298nam a22001337a 4500
008 170911b xxu||||| |||| 00| 0 eng d
020 _a0879090626
041 _aeng
080 _a53
100 _a43
101 _aFIZ
245 _aBASIC PRINCIPLES OF ELECTRICITY
_cROBINSON, V
942 _2udc
_cBK
999 _c27184
_d27184